| 000 | 00823nam a22002051i 4500 | ||
|---|---|---|---|
| 001 | 180127 | ||
| 003 | ES-MaACL | ||
| 005 | 20230906221015.0 | ||
| 008 | 120420s1949 sp |||| | spa d | ||
| 100 | 1 |
_aBaquero Goyanes, Mariano. _925265 |
|
| 245 | 1 | 3 |
_aEl cuento español en el siglo XIX / _cpor Mariano Baquero Goyanes. |
| 260 |
_aMadrid : _bConsejo Superior de Investigaciones Científicas, Patronato Menéndez Pelaya, Instituto Miguel de Cervantes, _c1949. |
||
| 300 |
_a699 p. ; _c25 cm. |
||
| 490 | 1 |
_aAnejos de "La Revista de Filología Española" ; _v50 |
|
| 650 | 4 |
_aCuento español- _yS.XIX- _xHistoria y crítica. _9149850 |
|
| 710 | 2 |
_aInstituto "Miguel de Cervantes" _95133 |
|
| 830 | 0 |
_aAnejos de "La Revista de Filología Española" ; _v50 _9191161 |
|
| 852 |
_aES-MaACL _jE-15397 |
||
| 999 |
_c180127 _d180127 |
||